Dig! (Record no. 80545)

MARC details
000 -LEADER
fixed length control field 01200cab a22002535a 4500
001 - CONTROL NUMBER
control field L144686
008 - FIXED-LENGTH DATA ELEMENTS--GENERAL INFORMATION
fixed length control field 080805e20080801xxkoe f 000 0 eng d
035 ## - SYSTEM CONTROL NUMBER
System control number (Sirsi) u144686
041 ## - LANGUAGE CODE
Language code of text/sound track or separate title eng
100 1# - MAIN ENTRY--PERSONAL NAME
Personal name Kennett, Stephen
245 ## - TITLE STATEMENT
Title Dig!
260 ## - PUBLICATION, DISTRIBUTION, ETC.
Date of publication, distribution, etc. 2008
490 ## - SERIES STATEMENT
Series statement Building
Volume/sequential designation 273(8540) 1 August 2008, 46-48(3)
520 ## - SUMMARY, ETC.
Summary, etc. Using a question and answer format, article discusses underground thermal energy storage (UTES), a Dutch method of storing deep underground all the energy required to heat and cool a building. Gives details between the two main types of UTES: Aquifer thermal energy storage (ATES) and Borehole thermal energy storage (BTES). Presents other energy-efficient options for heating and cooling buildings.
590 ## - LOCAL NOTE (RLIN)
Local note KA
650 24 - SUBJECT ADDED ENTRY--TOPICAL TERM
Topical term or geographic name entry element UNDERGROUND THERMAL ENERGY STORAGE (UTES)
650 24 - SUBJECT ADDED ENTRY--TOPICAL TERM
Topical term or geographic name entry element AQUIFER THERMAL ENERGY STORAGE (ATES)
650 24 - SUBJECT ADDED ENTRY--TOPICAL TERM
Topical term or geographic name entry element BOREHOLE THERMAL ENERGY STORAGE (BTES)
651 #4 - SUBJECT ADDED ENTRY--GEOGRAPHIC NAME
Geographic name United Kingdom
Chronological subdivision
690 ## - LOCAL SUBJECT ADDED ENTRY--TOPICAL TERM (OCLC, RLIN)
Topical term or geographic name as entry element BUILT ENVIRONMENT-BUILDING SERVICES-BUILDING SERVICES ENGINEERING-HEATING AND VENTILATION ENGINEERING
690 ## - LOCAL SUBJECT ADDED ENTRY--TOPICAL TERM (OCLC, RLIN)
Topical term or geographic name as entry element ENVIRONMENTAL AND LAND CONSULTANCY-ENERGY-ENERGY USE-ENERGY EFFICIENCY
942 ## - ADDED ENTRY ELEMENTS (KOHA)
Suppress in OPAC 0
948 ## - LOCAL PROCESSING INFORMATION (OCLC); SERIES PART DESIGNATOR (RLIN)
c (OCLC) 12/01/1999
Holdings
Withdrawn status Lost status Source of classification or shelving scheme Damaged status Not for loan Home library Current library Shelving location Date acquired Total Checkouts Full call number Barcode Date last seen Copy number Price effective from Koha item type
    Dewey Decimal Classification     London London Journal article 05/08/2008   L144686 144686-1001 06/08/2019 1 06/08/2019 Journal article